| 000 | 00441nam a2200205Ia 4500 | ||
|---|---|---|---|
| 001 | 13376 | ||
| 003 | GE_BSU | ||
| 008 | 181216s||||||||xx |||||||||||||| ||und|| | ||
| 020 | _a9780099481843 | ||
| 040 | _cGE_BSU | ||
| 080 | _a821.111-3 | ||
| 100 | _aSlaughter,Karin. | ||
| 245 | _aSkin privilege. | ||
| 260 | _aLondon. | ||
| 260 | _bArrom books. | ||
| 260 | _c2007 | ||
| 300 | _a560p;18cm. | ||
| 653 | _aSkin privilege. | ||
| 942 | _cBK | ||
| 999 |
_c46537 _d46537 |
||